MARC

LEADER 00000nam0a2200000 4500
001 272026
005 20231101234507.0
035 |a (RuTPU)RU\TPU\book\295231 
090 |a 272026 
100 |a 20141014d1959 m y0rusy50 ca 
101 0 |a rus 
102 |a RU 
105 |a a z 000zy 
200 1 |a Буровой агрегат ЗИФ - 650А  |f А. А. Турчук [и др.] 
210 |a Москва  |c Госгеолтехиздат  |d 1959 
215 |a 135 с.  |c ил. 
606 1 |a Бурение сверхглубокое  |x (геология)  |2 stltpush  |3 (RuTPU)RU\TPU\subj\30388  |9 53505 
610 1 |a буровой агрегат 
610 1 |a устройство 
610 1 |a схема 
610 1 |a буровой станок 
610 1 |a гидросистема 
610 1 |a привод 
610 1 |a управление 
610 1 |a подготовка к работе 
610 1 |a уход 
610 1 |a разборка 
610 1 |a сборка 
610 1 |a обкатка 
610 1 |a монтаж 
610 1 |a техника безопасности 
675 |a 550.822.6  |v 3 
701 1 |a Турчук  |b А. А. 
701 1 |a Медведев  |b Н. В. 
701 1 |a Орлов  |b Л. Н. 
701 1 |a Титов  |b П. С. 
801 1 |a RU  |b 63413507  |c 20141014 
801 2 |a RU  |b 63413507  |c 20141017  |g RCR 
942 |c BK